| 000 | 00627nam a2200181Ia 4500 | ||
|---|---|---|---|
| 003 | GCL | ||
| 008 | 140319s9999 xx 000 0 ara d | ||
| 040 |
_aGCL / _cGCL |
||
| 082 | 0 | 4 |
_a219.1 _bاك |
| 100 | 1 | _aابى الفرج جمال الدين بن الجوزى | |
| 245 | 1 | 0 |
_aاحكام النساء فقه المرأة المسلمة عبادات.معاملات / _cابى الفرج جمال الدين بن الجوزى |
| 260 |
_a[S.N] : _bمكتبة الدعوة |
||
| 300 | _a212 ص | ||
| 490 | _a | ||
| 650 | 0 | 4 | _aالنساء فى الاسلام |
| 650 | 0 | 4 | _aالمرأة فى الاسلام |
| 942 |
_2ddc _cBK |
||
| 999 |
_c27642 _d27642 |
||